LEADER 01032nam a2200241 i 4500 001 991002880049707536 005 20021022143700.0 008 960610s1972 it ||| | ita 035 $ab11722435-39ule_inst 035 $aLE021FD222081$9ExL 040 $aDip. SSSC$bita 082 0 $a852.91 100 1 $aPirandello, Luigi$d<1867-1936>$0299283 245 12$aL'amica delle mogli ; Non si sa come ; Sogno (ma forse no) /$cLuigi Pirandello ; con la cronologia della vita di Pirandello e dei suoi tempi, un'introduzione e una bibliografia a cura di Corrado Simioni 260 $aMilano :$bMondadori,$c1972 300 $aLI, 177 p. ;$c19 cm. 700 1 $aSimioni, Corrado 907 $a.b11722435$b19-11-13$c24-10-02 912 $a991002880049707536 945 $aLE021FD TI19bisB12$g1$iLE021FD-5722$lle023$nFondo D'Amico$o-$pE0.00$q-$rn$so $t0$u0$v0$w0$x0$y.i11962495$z24-10-02 996 $aAmica delle mogli ; Non si sa come ; Sogno (ma forse no$9903783 997 $aUNISALENTO 998 $ale021$b10-06-96$cm$da $e-$fita$git $h2$i1 LEADER 00974nam0 22002531i 450 001 UON00016292 005 20231205101957.32 100 $a20020107f |0itac50 ba 101 $afre 102 $aFR 105 $a|||| 1|||| 200 1 $aEsquisses architecturales de l'Afghanistan$evallée de Bamiyan$fP. Zestovki 210 $a[S.l.]$c[s.n.]$d[19..] 215 $app. 39-71$cill.$d20 cm. 300 $aEsemplare in fotocopia 606 $aARCHITETTURA$xAFGHANISTAN (BAMIYAN)$3UONC012532$2FI 686 $aAFG X$cAFGHANISTAN - ARCHEOLOGIA$2A 700 1$aZESTOVKI$bP.$3UONV023942$0640760 801 $aIT$bSOL$c20240220$gRICA 899 $aSIBA - SISTEMA BIBLIOTECARIO DI ATENEO$2UONSI 912 $aUON00016292 950 $aSIBA - SISTEMA BIBLIOTECARIO DI ATENEO$dSI MISC AFG X 001 $eSI ARF108 7 001 996 $aEsquisses architecturales de l'Afghanistan$91195954 997 $aUNIOR